[Event "Capital Chess Classic"]
[Site "Wellington NZL"]
[Date "2025.10.25"]
[Round "1.9"]
[White "Loke, Kayden"]
[Black "Swinburne, McKenzie (Zion)"]
[Result "1-0"]
[WhiteFideId "4313186"]
[BlackFideId "4330960"]
[WhiteElo "2010"]
[BlackElo "1408"]
[PlyCount "69"]
[EventDate "2025.10.25"]
[AlgoUpdates "WhiteFideId=other-games BlackFideId=other-games"]

1. d4 c6 2. e4 g6 3. c4 Bg7 4. Nc3 d6 5. Be3 Bd7 6. f4 Qb6 7. Qd2 Na6 8. Nf3 c5
9. d5 Nc7 10. Be2 e5 11. fxe5 dxe5 12. b4 Na6 13. b5 Nc7 14. Na4 Qd6 15. Nxc5
Rb8 16. Nxd7 Qxd7 17. Bxa7 Ra8 18. Bb6 Nf6 19. Qc2 O-O 20. O-O Ng4 21. h3 Nf6
22. a4 Nh5 23. c5 f5 24. c6 bxc6 25. bxc6 Qc8 26. d6 Na6 27. d7 Qb8 28. Rfb1
Nc7 29. Ng5 Rf6 30. Bxh5 gxh5 31. Qc4+ Kh8 32. Nf7+ Kg8 33. Nh6+ Kf8 34. Qg8+
Ke7 35. Qxg7+ 1-0

[Event "Capital Chess Classic"]
[Site "Wellington NZL"]
[Date "2025.10.25"]
[Round "1.10"]
[White "Grace, Nathan"]
[Black "Tanoi, T Edward"]
[Result "0-1"]
[BlackFideId "4302087"]
[WhiteElo "1392"]
[BlackElo "1970"]
[PlyCount "60"]
[EventDate "2025.10.25"]
[AlgoUpdates "BlackFideId=other-games"]

1. d4 Nf6 2. c4 g6 3. Nc3 d5 4. Nf3 Bg7 5. h3 O-O 6. Bf4 c6 7. e3 a6 8. a3 Nbd7
9. Be2 Re8 10. O-O dxc4 11. Bxc4 Nb6 12. Ba2 Nbd5 13. Be5 Bh6 14. Qb3 e6 15.
Bxf6 Qxf6 16. e4 Nf4 17. Qd1 b5 18. Nh2 e5 19. dxe5 Rxe5 20. Ng4 Bxg4 21. Qxg4
Rg5 22. Qf3 Rxg2+ 23. Kh1 Rg5 24. Rg1 Rh5 25. Rg3 Rd8 26. Ne2 Rd3 27. Nxf4 Rxf3
28. Nxh5 Qxb2 29. Bxf7+ Rxf7 30. Rd1 Rxf2 0-1

[Event "Capital Chess Classic"]
[Site "Wellington NZL"]
[Date "2025.10.25"]
[Round "1.11"]
[White "Reedy, Brendan"]
[Black "Guthrie, Milo"]
[Result "1-0"]
[WhiteFideId "4300998"]
[WhiteElo "1949"]
[BlackElo "1390"]
[PlyCount "111"]
[EventDate "2025.10.25"]
[AlgoUpdates "WhiteFideId=other-games"]

1. d4 d5 2. c4 e6 3. Nf3 Nf6 4. Nc3 Be7 5. Bf4 a6 6. e3 O-O 7. a3 Nbd7 8. Qc2
b6 9. cxd5 exd5 10. Bd3 Bb7 11. O-O h6 12. h3 Re8 13. Rac1 c5 14. Qd1 Rc8 15.
Bb1 Ne4 16. Nxe4 dxe4 17. Nd2 Nf6 18. Be5 Bd6 19. Bxd6 Qxd6 20. Nc4 Qd8 21.
dxc5 Rxc5 22. Qxd8 Rxd8 23. Nxb6 Rb5 24. Nc4 Rc8 25. b4 Ra8 26. Nd6 Rb6 27.
Rfd1 Bd5 28. Nc8 Re6 29. Rxd5 Nxd5 30. Ba2 Re8 31. Nd6 Re5 32. Rc5 Rd8 33. Bxd5
Kf8 34. Nxf7 Rexd5 35. Nxd8 Rxd8 36. Ra5 Rd6 37. Kf1 Re6 38. Ke2 Ke7 39. h4 Kf6
40. h5 Rc6 41. f3 g6 42. hxg6 Kxg6 43. fxe4 Re6 44. Kd3 h5 45. Kd4 h4 46. Rc5
Rd6+ 47. Kc3 Rf6 48. Rd5 Rf2 49. Rd2 Rf6 50. e5 Rf5 51. Kd4 Kg5 52. Ke4 Kg4 53.
Rd6 Rg5 54. e6 Rg8 55. Ke5 Kg3 56. Rd2 1-0

[Event "Capital Chess Classic"]
[Site "Wellington NZL"]
[Date "2025.10.25"]
[Round "1.12"]
[White "Sun, William"]
[Black "Santos, Aristotle"]
[Result "0-1"]
[WhiteFideId "4326784"]
[BlackFideId "4331079"]
[WhiteElo "1375"]
[BlackElo "1909"]
[PlyCount "64"]
[EventDate "2025.10.25"]
[AlgoUpdates "WhiteFideId=loc-match BlackFideId=other-games"]

1. e4 d5 2. exd5 Nf6 3. Nc3 Nxd5 4. Nge2 Bg4 5. Nxd5 Qxd5 6. Nc3 Qe5+ 7. Be2
Nc6 8. d3 e6 9. Be3 Bxe2 10. Qxe2 Bb4 11. Bd2 Qf5 12. Qe4 Bxc3 13. Bxc3 Qxe4+
14. dxe4 Ke7 15. f3 Rad8 16. Kf2 f6 17. Rad1 h5 18. h4 b5 19. a3 a5 20. b3 Rd6
21. f4 Rhd8 22. Rxd6 Rxd6 23. e5 fxe5 24. fxe5 Rd5 25. Re1 Rc5 26. Re3 b4 27.
axb4 axb4 28. Be1 Rxc2+ 29. Kf3 Nd4+ 30. Ke4 Nf5 31. Bxb4+ c5 32. Bxc5+ Rxc5
0-1

[Event "Capital Chess Classic"]
[Site "Wellington NZL"]
[Date "2025.10.25"]
[Round "1.13"]
[White "Forster, William"]
[Black "McNabb, Ashlee-Deanna"]
[Result "1-0"]
[WhiteFideId "4301358"]
[BlackFideId "4324935"]
[WhiteElo "1891"]
[BlackElo "1317"]
[PlyCount "89"]
[EventDate "2025.10.25"]
[AlgoUpdates "WhiteFideId=other-games BlackFideId=loc-match"]

1. Nf3 Nc6 2. d4 d5 3. c4 e6 4. Nc3 Nf6 5. Bg5 Be7 6. e3 O-O 7. Rc1 Re8 8. Bd3
h6 9. Bh4 b6 10. cxd5 exd5 11. O-O Bg4 12. Bb5 Bd7 13. Bxf6 Bxf6 14. Nxd5 Re6
15. Qa4 Rd6 16. e4 Nxd4 17. Nxd4 Bxd4 18. Bxd7 Qxd7 19. Qxd4 c6 20. Rxc6 Rd8
21. Rxd6 Qxd6 22. Qc4 Qe5 23. Qc7 Qxc7 24. Nxc7 Rd2 25. Rb1 f6 26. Kf1 Rd4 27.
Nb5 Rxe4 28. Nxa7 Ra4 29. Nc8 b5 30. a3 Ra6 31. Ne7+ Kf7 32. Nf5 b4 33. axb4
Rb6 34. b5 Kg6 35. Nd4 Kf7 36. Ke2 g5 37. Rc1 Ke7 38. Rc6 Rxc6 39. bxc6 Kd8 40.
Kd3 Kc7 41. Kc4 Kd6 42. b4 f5 43. b5 f4 44. b6 g4 45. Kb5 1-0

[Event "Capital Chess Classic"]
[Site "Wellington NZL"]
[Date "2025.10.25"]
[Round "1.14"]
[White "Bakiyaraj, Nenian"]
[Black "Barnes, Joshua"]
[Result "0-1"]
[BlackFideId "4321502"]
[WhiteElo "1281"]
[BlackElo "1891"]
[PlyCount "128"]
[EventDate "2025.10.25"]
[AlgoUpdates "BlackFideId=other-games"]

1. d4 d5 2. c4 c6 3. Nf3 e6 4. e3 Bd6 5. Be2 f5 6. Nc3 Nf6 7. h3 Nbd7 8. a3 Ne4
9. Nxe4 fxe4 10. Nd2 Nf6 11. b4 O-O 12. O-O e5 13. Bb2 exd4 14. Bxd4 Bf5 15.
Nb3 b6 16. Rc1 Qd7 17. f4 exf3 18. Rxf3 Be4 19. Rf1 Qc7 20. Bf3 Bxf3 21. Rxf3
Bh2+ 22. Kh1 Ne4 23. Rc2 dxc4 24. Nc1 Rad8 25. Qe1 Bg3 26. Qf1 c5 27. bxc5 bxc5
28. Qxc4+ Kh8 29. Ne2 Nf2+ 30. Kg1 Nxh3+ 31. Kf1 Ng5 32. Rxf8+ Rxf8+ 33. Nf4
Bxf4 34. exf4 Rxf4+ 35. Kg1 Qd6 36. Qxc5 Qd8 37. Qxg5 Qxd4+ 38. Kh1 Rh4+ 39.
Qxh4 Qxh4+ 40. Kg1 Qd8 41. Kf2 h6 42. Ke2 Qe7+ 43. Kd1 Qxa3 44. g4 Qf3+ 45. Kc1
Qxg4 46. Kb2 a5 47. Ka3 Qb4+ 48. Ka2 a4 49. Rb2 Qc3 50. Rb7 h5 51. Rb6 h4 52.
Rb1 h3 53. Rh1 a3 54. Rh2 g5 55. Kb1 Qd3+ 56. Ka1 Qd4+ 57. Kb1 g4 58. Ka2 Qd5+
59. Kb1 Qe5 60. Rf2 h2 61. Ka2 Qd5+ 62. Kxa3 h1=R 63. Kb2 Qd4+ 64. Ka3 Qb6 0-1

[Event "Capital Chess Classic"]
[Site "Wellington NZL"]
[Date "2025.10.25"]
[Round "1.15"]
[White "Sethuramalingam, Karthik"]
[Black "Thingbaijam, Conan"]
[Result "1-0"]
[WhiteFideId "4320964"]
[BlackFideId "4326792"]
[WhiteElo "1863"]
[BlackElo "1276"]
[PlyCount "59"]
[EventDate "2025.10.25"]
[AlgoUpdates "WhiteFideId=other-games BlackFideId=loc-match"]

1. Nf3 d5 2. d4 Nf6 3. c4 c6 4. g3 g6 5. Bg2 Bg7 6. O-O O-O 7. Nc3 Bf5 8. cxd5
cxd5 9. Qb3 Qd7 10. Ne5 Qc7 11. Nxd5 Nxd5 12. Bxd5 Nd7 13. Bxf7+ Kh8 14. Bf4
Nxe5 15. dxe5 Bxe5 16. Rac1 Qb8 17. Bg5 Kg7 18. Bd5 Qd6 19. Rfd1 Rab8 20. Bf3
Qa6 21. Bxe7 Rfe8 22. Qa3 Qb6 23. Bc5 Bxb2 24. Bxb6 Bxa3 25. Bxa7 Ra8 26. Rc7+
Re7 27. Bd4+ Kf7 28. Rxe7+ Bxe7 29. Bxb7 Rxa2 30. Bd5+ 1-0

[Event "Capital Chess Classic"]
[Site "Wellington NZL"]
[Date "2025.10.25"]
[Round "1.16"]
[White "Fitton, Stanley"]
[Black "Charles, Dion"]
[Result "0-1"]
[WhiteFideId "4329724"]
[BlackFideId "4305981"]
[WhiteElo "1237"]
[BlackElo "1825"]
[PlyCount "82"]
[EventDate "2025.10.25"]
[AlgoUpdates "WhiteFideId=loc-match BlackFideId=other-games"]

1. d4 d5 2. Nf3 Nf6 3. c4 c6 4. g3 Bf5 5. Bg2 e6 6. Nc3 h6 7. O-O Bd6 8. Nd2
Nbd7 9. Qb3 Qb6 10. Qd1 Be7 11. e4 Bg4 12. Qb3 dxe4 13. Ndxe4 O-O 14. Be3 Rfd8
15. c5 Qxb3 16. axb3 Nf8 17. b4 a6 18. Nd2 Ng6 19. Nb3 Rd7 20. b5 Nd5 21. Na5
cxb5 22. Nxd5 exd5 23. Rfc1 Be6 24. h3 Bd8 25. c6 bxc6 26. Rxc6 Ne7 27. Rc2 Rc7
28. Rxc7 Bxc7 29. Nb3 Nf5 30. Bd2 Bb6 31. Bf1 Bd7 32. Nc5 Bc6 33. Rxa6 Rxa6 34.
Nxa6 Nxd4 35. Be3 Nf3+ 36. Kg2 d4 37. Bc1 Ne1+ 38. Kg1 Nf3+ 39. Kg2 d3 40. Nb4
Be4 41. Bxd3 Ne1+ 0-1

[Event "Capital Chess Classic"]
[Site "Wellington NZL"]
[Date "2025.10.25"]
[Round "1.17"]
[White "Qu, Lucas"]
[Black "Cao, Sam"]
[Result "1-0"]
[WhiteFideId "4314620"]
[BlackFideId "4325591"]
[WhiteElo "1750"]
[BlackElo "1185"]
[PlyCount "69"]
[EventDate "2025.10.25"]
[AlgoUpdates "WhiteFideId=other-games BlackFideId=loc-match"]

1. e4 c5 2. d4 cxd4 3. c3 Nc6 4. cxd4 d5 5. e5 f6 6. exf6 Nxf6 7. h3 g6 8. Nf3
Bg7 9. Nc3 O-O 10. Bd3 Bd7 11. Be3 Ne8 12. Nxd5 Be6 13. Nf4 Bf5 14. Bc4+ Kh8
15. Ng5 Nd6 16. Bb3 Qd7 17. g4 Be4 18. f3 Rxf4 19. Bxf4 Bxd4 20. Bxd6 exd6 21.
fxe4 Bxb2 22. O-O Bxa1 23. Qxa1+ Qg7 24. Nf7+ Kg8 25. Nxd6+ Kh8 26. Nf7+ Kg8
27. Nh6+ Kh8 28. Qxg7+ Kxg7 29. g5 Nd4 30. Rf7+ Kh8 31. Rxb7 Nf3+ 32. Kg2 Nxg5
33. h4 Nxe4 34. Nf7+ Kg8 35. Ng5+ 1-0

[Event "Capital Chess Classic"]
[Site "Wellington NZL"]
[Date "2025.10.25"]
[Round "1.18"]
[White "Sethuramalingam, Niranjan"]
[Black "Hurndell, Robert"]
[Result "0-1"]
[WhiteFideId "4326415"]
[BlackFideId "4310233"]
[WhiteElo "1114"]
[BlackElo "1721"]
[PlyCount "109"]
[EventDate "2025.10.25"]
[AlgoUpdates "WhiteFideId=loc-match BlackFideId=other-games"]

1. e4 e5 2. Nf3 Nc6 3. Bc4 Bc5 4. Nc3 Nf6 5. d3 h6 6. O-O d6 7. a3 Bg4 8. Bb5
O-O 9. Bxc6 bxc6 10. Re1 a5 11. Be3 Bb6 12. Bxb6 cxb6 13. Re3 Re8 14. Qd2 Qc7
15. Ne1 Bh5 16. Rg3 Bg6 17. Nf3 Nh5 18. Rg4 Qd7 19. h3 Nf4 20. Nh4 Bh7 21. Ne2
Nxe2+ 22. Qxe2 Re6 23. Qf3 Kh8 24. Nf5 Bxf5 25. Qxf5 Qe7 26. Re1 Rf6 27. Qh5
Kh7 28. Re3 Rg8 29. Qh4 Qe6 30. b4 axb4 31. axb4 Ra8 32. Reg3 g6 33. Rf3 Rxf3
34. gxf3 b5 35. c4 bxc4 36. dxc4 Qxc4 37. Qe7 Ra1+ 38. Kg2 Qf1+ 39. Kg3 Qg1+
40. Kh4 Qxf2+ 41. Rg3 Kg7 42. Qxd6 g5+ 43. Kg4 h5+ 44. Kxh5 Qxg3 45. Qh6+ Kg8
46. Qxg5+ Qxg5+ 47. Kxg5 Rb1 48. f4 exf4 49. Kxf4 Rxb4 50. h4 Rd4 51. h5 c5 52.
Kf5 c4 53. e5 c3 54. e6 fxe6+ 55. Kxe6 0-1

[Event "Capital Chess Classic"]
[Site "Wellington NZL"]
[Date "2025.10.25"]
[Round "1.19"]
[White "O'Brien, Finn"]
[Black "Le, Long Minh"]
[Result "1-0"]
[WhiteFideId "4331060"]
[BlackFideId "4320930"]
[WhiteElo "1698"]
[BlackElo "1044"]
[PlyCount "87"]
[EventDate "2025.10.25"]
[AlgoUpdates "WhiteFideId=other-games BlackFideId=loc-match"]

1. e4 e5 2. Nf3 Nc6 3. Bb5 d6 4. d4 Bd7 5. O-O a6 6. Bc4 h6 7. Re1 Nf6 8. c3
Be7 9. h3 O-O 10. Nbd2 b5 11. Bb3 Na5 12. Bc2 Be6 13. Nf1 c6 14. dxe5 dxe5 15.
Qxd8 Rfxd8 16. Nxe5 Bd6 17. Nd3 Nd7 18. Bf4 Bxf4 19. Nxf4 Re8 20. Rad1 Nf6 21.
Nxe6 Rxe6 22. b3 Rae8 23. Ng3 Nb7 24. f3 Rd6 25. Kf2 Rxd1 26. Rxd1 g6 27. b4 h5
28. Bb3 Kg7 29. Ke3 c5 30. Ne2 cxb4 31. cxb4 Re7 32. g4 hxg4 33. hxg4 a5 34. g5
Nh7 35. Rd5 axb4 36. Rxb5 Nd6 37. Rd5 Ne8 38. f4 Rb7 39. e5 Nc7 40. Rd7 Nf8 41.
Rxf7+ Kh8 42. Rxf8+ Kg7 43. Rf7+ Kh8 44. e6 1-0

[Event "Capital Chess Classic"]
[Site "Wellington NZL"]
[Date "2025.10.25"]
[Round "1.20"]
[White "Karthikeyan, Nilan"]
[Black "Lieser, Joshua"]
[Result "0-1"]
[BlackFideId "4326385"]
[WhiteElo "999"]
[BlackElo "1657"]
[PlyCount "34"]
[EventDate "2025.10.25"]
[AlgoUpdates "BlackFideId=loc-match"]

1. e4 c6 2. d4 d5 3. Nc3 dxe4 4. Nxe4 Bf5 5. f3 Bxe4 6. fxe4 e5 7. c3 Qh4+ 8.
g3 Qxe4+ 9. Qe2 Qxh1 10. Qg2 Qxg2 11. Bxg2 exd4 12. cxd4 Bb4+ 13. Bd2 Bxd2+ 14.
Kxd2 Nd7 15. Re1+ Kd8 16. Nf3 Ngf6 17. Ng5 Rf8 0-1

[Event "Capital Chess Classic"]
[Site "Wellington NZL"]
[Date "2025.10.25"]
[Round "2.9"]
[White "Lieser, Joshua"]
[Black "Loke, Kayden"]
[Result "0-1"]
[WhiteFideId "4326385"]
[BlackFideId "4313186"]
[WhiteElo "1657"]
[BlackElo "2010"]
[PlyCount "128"]
[EventDate "2025.10.25"]
[AlgoUpdates "WhiteFideId=loc-match BlackFideId=other-games"]

1. e4 d6 2. d4 Nf6 3. Nc3 g6 4. Nf3 Bg7 5. h3 Nbd7 6. Bc4 O-O 7. O-O c5 8. Bg5
cxd4 9. Nxd4 Qa5 10. Be3 a6 11. a3 b5 12. Be2 Bb7 13. f3 Rac8 14. Qd2 Ne5 15.
Bh6 Nc4 16. Bxc4 Rxc4 17. Be3 Rfc8 18. Rad1 Nd7 19. Bf2 Ne5 20. Rfe1 Nc6 21.
Nd5 Qxd2 22. Rxd2 Bxd4 23. Bxd4 e6 24. Nb6 Rxd4 25. Rxd4 Nxd4 26. Nxc8 Bxc8 27.
Rd1 e5 28. c3 Ne6 29. Rxd6 Kf8 30. Rc6 Bb7 31. Rb6 Nd8 32. c4 bxc4 33. Rb4 Ke7
34. Rxc4 Nc6 35. Kf2 Kd6 36. Ke3 a5 37. Rc3 Bc8 38. b4 axb4 39. axb4 Ba6 40.
Rb3 Nd4 41. Rb2 Bc4 42. f4 f6 43. g4 Kc6 44. g5 fxg5 45. fxe5 Ne6 46. Rb1 Kb5
47. Kf3 h5 48. Ke3 Nf4 49. Rh1 Be6 50. Rf1 Bxh3 51. Rg1 Ne6 52. Kd3 Kxb4 53.
Rb1+ Kc5 54. Rc1+ Kb6 55. Kc4 Kc6 56. Rd1 Nf4 57. Rd6+ Kc7 58. Rf6 Be6+ 59. Kd4
h4 60. Rf8 h3 61. Rh8 Nh5 62. Kc5 h2 63. Rh7+ Kb8 64. Rh8+ Bc8 0-1

[Event "Capital Chess Classic"]
[Site "Wellington NZL"]
[Date "2025.10.25"]
[Round "2.10"]
[White "Tanoi, T Edward"]
[Black "Marney, John"]
[Result "1/2-1/2"]
[WhiteFideId "4302087"]
[WhiteElo "1970"]
[BlackElo "1637"]
[PlyCount "72"]
[EventDate "2025.10.25"]
[AlgoUpdates "WhiteFideId=other-games BlackFideId=other-games"]

1. d4 d5 2. Nf3 Nf6 3. g3 e6 4. Bg2 Be7 5. O-O O-O 6. c4 dxc4 7. Qa4 a6 8. Qxc4
b5 9. Qc2 Bb7 10. a3 Be4 11. Qd1 c5 12. Nc3 Bb7 13. e3 Qc7 14. Qe2 Nc6 15. Rd1
Rfd8 16. b3 Rac8 17. Bb2 cxd4 18. exd4 Na5 19. b4 Nc4 20. Rac1 Qb8 21. Rb1 Qa8
22. Rd3 Ne4 23. Rbd1 Nxb2 24. Qxb2 Nxc3 25. Rxc3 Rxc3 26. Qxc3 Rc8 27. Qe3 Bf6
28. Ne1 Bd5 29. Bxd5 Qxd5 30. Ng2 e5 31. Qe2 exd4 32. Nf4 Qb3 33. Rd3 Qc4 34.
Qf3 Rd8 35. h4 g6 36. Kg2 Bg7 1/2-1/2

[Event "Capital Chess Classic"]
[Site "Wellington NZL"]
[Date "2025.10.25"]
[Round "2.13"]
[White "Harris, Adam"]
[Black "Dhamodharam, Aadhav"]
[Result "1-0"]
[WhiteFideId "4325648"]
[BlackFideId "33474575"]
[WhiteElo "1640"]
[BlackElo "1552"]
[PlyCount "51"]
[EventDate "2025.10.25"]
[AlgoUpdates "WhiteFideId=other-games BlackFideId=other-games"]

1. e4 e5 2. Nf3 Nc6 3. d4 exd4 4. Nxd4 Nxd4 5. Qxd4 d6 6. Bc4 Nf6 7. Nc3 Be7 8.
h3 O-O 9. Be3 Nd7 10. O-O-O Bf6 11. Qd2 a6 12. g4 b5 13. Bd5 b4 14. Bxa8 bxc3
15. bxc3 g6 16. f4 c5 17. Qxd6 Qa5 18. e5 Nxe5 19. Qxc5 Nd3+ 20. Rxd3 Qxa2 21.
Bd5 Qa4 22. Bc6 Qa2 23. f5 a5 24. Bh6 Bg7 25. Bxg7 Kxg7 26. f6+ 1-0

[Event "Capital Chess Classic"]
[Site "Wellington NZL"]
[Date "2025.10.25"]
[Round "2.15"]
[White "Nazeer, Afique M"]
[Black "Bakiyaraj, Nenian"]
[Result "0-1"]
[WhiteFideId "9970703"]
[WhiteElo "1590"]
[BlackElo "1281"]
[PlyCount "50"]
[EventDate "2025.10.25"]
[AlgoUpdates "WhiteFideId=other-games"]

1. d4 d5 2. c4 c6 3. Nc3 Nf6 4. Bg5 e6 5. cxd5 exd5 6. Nf3 Bd6 7. e3 Bg4 8. h3
Bh5 9. g4 Bg6 10. Bd3 Bxd3 11. Qxd3 Nbd7 12. O-O h5 13. Rfe1 Qc7 14. e4 dxe4
15. Nxe4 O-O-O 16. Nxd6+ Qxd6 17. Bxf6 gxf6 18. Nd2 hxg4 19. Nc4 Qd5 20. Ne3
Qf3 21. Rac1 Rxh3 22. Rxc6+ Qxc6 23. d5 Qd6 24. Qc4+ Kb8 25. Nxg4 Rg8 0-1

[Event "Capital Chess Classic"]
[Site "Wellington NZL"]
[Date "2025.10.25"]
[Round "2.16"]
[White "Ashe, Michael"]
[Black "Fitton, Stanley"]
[Result "0-1"]
[WhiteFideId "4310462"]
[BlackFideId "4329724"]
[WhiteElo "1542"]
[BlackElo "1237"]
[PlyCount "64"]
[EventDate "2025.10.25"]
[AlgoUpdates "WhiteFideId=other-games BlackFideId=loc-match"]

1. d4 d5 2. c4 e6 3. Nc3 Nf6 4. cxd5 exd5 5. Bg5 Nbd7 6. e3 c6 7. Bd3 Qb6 8.
Qc2 Bd6 9. Nge2 Qc7 10. Bf4 O-O 11. O-O Bxf4 12. Nxf4 Re8 13. Ncxd5 Nxd5 14.
Nxd5 Qd6 15. Nc3 g6 16. Ne4 Qf8 17. Bc4 b5 18. Bb3 Kh8 19. Ng5 Re7 20. Qxc6 Nb6
21. Qxb5 f6 22. Nf3 Bg4 23. Nd2 Rd8 24. Rac1 Qh6 25. Rfe1 Bd7 26. Qe2 f5 27.
Qf3 Rde8 28. g3 g5 29. Nc4 Bc6 30. Qxf5 Rf8 31. Qd3 Ref7 32. Rc2 Rxf2 0-1

[Event "Capital Chess Classic"]
[Site "Wellington NZL"]
[Date "2025.10.25"]
[Round "2.17"]
[White "McNabb, Ashlee-Deanna"]
[Black "Annamalai, Karthikeyan"]
[Result "1-0"]
[WhiteFideId "4324935"]
[BlackFideId "4330994"]
[WhiteElo "1317"]
[BlackElo "1439"]
[PlyCount "31"]
[EventDate "2025.10.25"]
[AlgoUpdates "WhiteFideId=loc-match BlackFideId=other-games"]

1. e4 c6 2. d4 d5 3. Nd2 dxe4 4. Nxe4 Bf5 5. Ng5 e6 6. N1f3 f6 7. Nh3 Bxh3 8.
gxh3 Bd6 9. Bc4 Qa5+ 10. Bd2 Qf5 11. Qe2 e5 12. O-O-O g5 13. dxe5 Bxe5 14. Nxe5
Qxe5 15. Qh5+ Ke7 16. Qf7+ 1-0

[Event "Capital Chess Classic"]
[Site "Wellington NZL"]
[Date "2025.10.25"]
[Round "2.18"]
[White "Thingbaijam, Conan"]
[Black "He, Zachary"]
[Result "0-1"]
[WhiteFideId "4326792"]
[BlackFideId "4320905"]
[WhiteElo "1276"]
[BlackElo "1432"]
[PlyCount "22"]
[EventDate "2025.10.25"]
[AlgoUpdates "WhiteFideId=loc-match BlackFideId=other-games"]

1. e4 e6 2. d4 d5 3. e5 c5 4. c3 Nc6 5. Nf3 Qb6 6. Bd3 Bd7 7. dxc5 Bxc5 8. b4
Bxf2+ 9. Ke2 Nxb4 10. Rf1 Nxd3 11. Qxd3 Bb5 0-1

[Event "Capital Chess Classic"]
[Site "Wellington NZL"]
[Date "2025.10.25"]
[Round "2.19"]
[White "Miriyala, Sreenikesh"]
[Black "Sethuramalingam, Niranjan"]
[Result "1-0"]
[WhiteFideId "4325532"]
[BlackFideId "4326415"]
[WhiteElo "1419"]
[BlackElo "1114"]
[PlyCount "55"]
[EventDate "2025.10.25"]
[AlgoUpdates "WhiteFideId=other-games BlackFideId=loc-match"]

1. e4 e5 2. Nf3 Nc6 3. d4 exd4 4. Bc4 Bc5 5. c3 dxc3 6. Bxf7+ Kxf7 7. Qd5+ Ke8
8. Qh5+ Kf8 9. Qxc5+ Ke8 10. O-O cxb2 11. Bxb2 Nf6 12. Nbd2 d6 13. Qc4 Bd7 14.
e5 Nh5 15. exd6 cxd6 16. Rfe1+ Ne7 17. Ng5 Rf8 18. Nde4 Qb6 19. Bd4 Qc6 20. Qe2
g6 21. Nf6+ Kd8 22. Qxe7+ Kc7 23. Ne6+ Kb8 24. Nxd7+ Qxd7 25. Qxf8+ Qc8 26.
Qxd6+ Qc7 27. Qf8+ Qc8 28. Be5# 1-0

[Event "Capital Chess Classic"]
[Site "Wellington NZL"]
[Date "2025.10.25"]
[Round "2.20"]
[White "Cao, Sam"]
[Black "Panth, Kishore"]
[Result "1/2-1/2"]
[WhiteFideId "4325591"]
[BlackFideId "4329775"]
[WhiteElo "1185"]
[BlackElo "1415"]
[PlyCount "45"]
[EventDate "2025.10.25"]
[AlgoUpdates "WhiteFideId=loc-match BlackFideId=other-games"]

1. e4 e5 2. Nf3 Nc6 3. d4 exd4 4. Bc4 h6 5. O-O Bc5 6. c3 dxc3 7. Bxf7+ Kf8 8.
Nxc3 Qf6 9. Bc4 Qd6 10. Qxd6+ Bxd6 11. Be3 Ne5 12. Nxe5 Bxe5 13. f4 Bxc3 14.
bxc3 Nf6 15. e5 Nh7 16. Rad1 b6 17. e6 d6 18. f5 Nf6 19. h3 Ke7 20. g4 Ne4 21.
Bd4 Nf6 22. Kg2 Bb7+ 23. Kh2 1/2-1/2

[Event "Capital Chess Classic"]
[Site "Wellington NZL"]
[Date "2025.10.25"]
[Round "2.21"]
[White "Le, Long Minh"]
[Black "Grace, Nathan"]
[Result "0-1"]
[WhiteFideId "4320930"]
[WhiteElo "1044"]
[BlackElo "1392"]
[PlyCount "82"]
[EventDate "2025.10.25"]
[AlgoUpdates "WhiteFideId=loc-match"]

1. e4 d5 2. exd5 Nf6 3. d4 Nxd5 4. Nf3 Bg4 5. h3 Bh5 6. c4 Nf6 7. Be2 e6 8. O-O
Nc6 9. Re1 Bb4 10. Bd2 Bxd2 11. Qxd2 O-O 12. Nc3 Bxf3 13. Bxf3 Qxd4 14. Qxd4
Nxd4 15. Bxb7 Rab8 16. Red1 Rxb7 17. Rxd4 Rxb2 18. Ne4 Nxe4 19. Rxe4 Rc2 20. a4
Rb8 21. Rd1 g6 22. Rd7 Rb4 23. Rxc7 Rxa4 24. Rd4 Ra1+ 25. Kh2 Rxf2 26. Rg4 a5
27. c5 Rc2 28. Rf4 Raa2 29. Rg4 a4 30. h4 h5 31. Rg5 Rc4 32. Kh3 Rg4 33. Rxg4
hxg4+ 34. Kh2 a3 35. c6 Rc2 36. Ra7 Rxc6 37. Rxa3 Kg7 38. Ra4 f5 39. Ra7+ Kf6
40. Kg3 Rc3+ 41. Kf4 e5# 0-1

[Event "Capital Chess Classic"]
[Site "Wellington NZL"]
[Date "2025.10.25"]
[Round "2.22"]
[White "Guthrie, Milo"]
[Black "Karthikeyan, Nilan"]
[Result "1-0"]
[WhiteElo "1390"]
[BlackElo "999"]
[PlyCount "49"]
[EventDate "2025.10.25"]

1. d4 Nf6 2. Nc3 g6 3. e4 d6 4. Bf4 Bg7 5. Qd2 O-O 6. O-O-O Bd7 7. Bc4 e5 8.
dxe5 dxe5 9. Bg5 Qe7 10. Nd5 Qd6 11. f3 Nc6 12. Bxf6 Bxf6 13. Nxf6+ Qxf6 14.
Qxd7 Rad8 15. Qg4 Rxd1+ 16. Kxd1 Nb4 17. c3 Rd8+ 18. Ke2 Kg7 19. cxb4 h5 20.
Qg3 Qd6 21. Qe1 h4 22. Nh3 c5 23. b5 f5 24. Ng5 Qd4 25. Ne6+ 1-0

[Event "Capital Chess Classic"]
[Site "Wellington NZL"]
[Date "2025.10.26"]
[Round "3.9"]
[White "Cilia Vincenti, David"]
[Black "He, Zachary"]
[Result "1-0"]
[WhiteFideId "5600197"]
[BlackFideId "4320905"]
[WhiteElo "2168"]
[BlackElo "1432"]
[PlyCount "75"]
[EventDate "2025.10.25"]
[AlgoUpdates "WhiteFideId=other-games BlackFideId=other-games"]

1. d4 d5 2. c4 e6 3. Nc3 Nf6 4. Bg5 Be7 5. Nf3 Nbd7 6. e3 O-O 7. Qc2 b6 8. cxd5
exd5 9. Bd3 h6 10. Bf4 Bb7 11. h3 c5 12. O-O Ne8 13. Rad1 Ndf6 14. dxc5 bxc5
15. Bc4 Qa5 16. Nxd5 Nxd5 17. Bxd5 Bxd5 18. Rxd5 Qxa2 19. Rd7 Qe6 20. Rfd1 Nf6
21. Rb7 Nd5 22. Rxd5 Qxd5 23. Rxe7 f6 24. Bxh6 Rf7 25. Rxf7 Kxf7 26. e4 Qh5 27.
Qc4+ Kg6 28. Bf4 Re8 29. e5 fxe5 30. Qe4+ Kf7 31. Nxe5+ Kg8 32. Qd5+ Kh7 33.
Qd3+ Kg8 34. g4 Qh8 35. Qd7 Rf8 36. Qe6+ Kh7 37. Ng6 Qg8 38. Nxf8+ 1-0

[Event "Capital Chess Classic"]
[Site "Wellington NZL"]
[Date "2025.10.26"]
[Round "3.10"]
[White "Grace, Nathan"]
[Black "Forster, William"]
[Result "1/2-1/2"]
[BlackFideId "4301358"]
[WhiteElo "1392"]
[BlackElo "1891"]
[PlyCount "156"]
[EventDate "2025.10.25"]
[AlgoUpdates "BlackFideId=other-games"]

1. d4 g6 2. c4 Bg7 3. Nc3 d6 4. Nf3 Nd7 5. Bf4 Ngf6 6. h3 O-O 7. e3 Re8 8. Be2
c6 9. O-O Qa5 10. a3 c5 11. dxc5 dxc5 12. Qb3 Nf8 13. Qb5 Qxb5 14. Nxb5 Ne6 15.
Be5 Bd7 16. Nc3 Bc6 17. b4 b6 18. Rad1 Red8 19. Rxd8+ Rxd8 20. Rd1 Rxd1+ 21.
Bxd1 Kf8 22. b5 Bb7 23. a4 Nd7 24. Bxg7+ Nxg7 25. e4 e5 26. g4 Ne6 27. Bc2 f6
28. Kg2 Kf7 29. Kg3 Ndf8 30. h4 h6 31. Nd2 Nd4 32. Bd1 Nfe6 33. Ne2 Ke7 34. f3
Bc8 35. Nf1 Nc7 36. Nd2 Be6 37. Kf2 Ne8 38. Nxd4 cxd4 39. Ke2 Kd6 40. Kd3 Kc5
41. Bb3 Nd6 42. Ba2 Nb7 43. Nf1 Kb4 44. Ng3 Nc5+ 45. Kd2 Nxa4 46. h5 g5 47. c5
Bxa2 48. c6 Kxb5 49. c7 Be6 50. Nf5 Kc6 51. c8=Q+ Bxc8 52. Nxh6 Kd6 53. Ng8 Ke6
54. h6 Kf7 55. h7 Kg7 56. Nxf6 Nc5 57. f4 Ne6 58. f5 Nf8 59. Ne8+ Kxh7 60. Nd6
Ba6 61. Nf7 Kg7 62. Nxe5 Bb5 63. Nf3 Kf6 64. Nxd4 Bd7 65. Nf3 a5 66. e5+ Ke7
67. Nxg5 a4 68. Kc3 b5 69. Kb4 Be8 70. f6+ Kd8 71. e6 Ng6 72. e7+ Nxe7 73.
fxe7+ Kxe7 74. Ne4 Ke6 75. Nc3 Ke5 76. Nxb5 Bxb5 77. Ka3 Kf4 78. g5 Kxg5
1/2-1/2